00848nam a2200265Ia 450000500170000000800410001702000180005810000330007624500390010925000180014830000580016649000130022450000420023765000370027965000390031665000330035594200150038826400300040333600270043333700330046033800280049304000350052108400110055699900150056720220317001521.0161108s2016 ck a g 000 p s  a97895888864971 aJodorowsky, Alejandrod1920-10aYo, el tarotcAlejandro Jodorowsky a1a. edición a153 páginasbilustraciones en blanco y negroc19 cm aBolsillo aIncluye datos biográficos del autor142LEMBaPoesía chilenaySiglo XX142LEMBaLiteratura chilenaySiglo XX142LEMBaTarot en la literatura 2loccBKLIT aBogotábSiruelac[2016] atextobtxt2rdacontent asin mediaciónbn2rdamedia avolumenbnc2rdacarrier aCO-BoRNBPbspaerdacCO-BoRNBP aP JOD1 c7223d7223